00510nam a22001697a 450000500170000001000150001702000260003203500130005803700130007108200100008410000210009424500690011526000360018427000500022030000200027050000500029020130513160427.0 aENG-107104 a9789381090336c500.00 aEN-90637 bDBAD/PUB a658.3 a Ahmed Umar Khan10aRecent trends in human resource management /cby Ahmed Umar Khan aHaryanabShanti Prakashanc2012 a1780, Sector-1, Delhi By-passbRohtake124001 a347p.c22cm(Hb) aIncludes bibliographical references and index